000 00850nam a2200229Ia 4500
001 2488
003 GE_BSU
008 181216s||||||||xx |||||||||||||| ||und||
040 _cGE_BSU
080 _a330
100 _aცირამუა, ედვარდ
245 _aეკონომიკური ანალიზის თეორია დამხმარე სახელმძღვანელო
245 _bთბილისის სახელმწიფო უნ–ტი
245 _c[რედ. ო. ჩადუნელი]
260 _aთბილისი
260 _bთბილისის სახ. უნ–ტის
260 _c1985
300 _a107 გვ.
541 _h10 ლ.
653 _aეკონომიკური ანალიზის თეორია
942 _cBK
999 _c36569
_d36569